000 00745 a2200205 4500
003 Nust
005 20170207154201.0
020 _a0-02-415495-4 ;
040 _cNust
082 _a004.22
_b2
082 _a004.22
_b2
100 1 _aStallings, William
245 0 0 _aComputer organization and architecture :
_bprinciples of structure and function /
_cWilliam Stallings
250 _a3. ed.
260 _aNew York :
_bMacmillan,
_ccop. 1993
300 _ax, 708 s. :
_bill.
505 _aPART-1: Overview (Page-1), PART-2: The Computer System (Page-57), PART-3: The Central Processing Unit (Page-285), PART-4: The Control Unit (Page-459), PART-5: Parallel Organization (Page-525).
650 0 _aComputer architecture
650 0 _aComputer organization
942 _2ddc
_cBK
999 _c194689
_d194689